000 00513nmm a2200157Ia 4500
008 251105s9999||||xx |||||||||||||||||und||
020 _a9789561414594
041 _aspa
100 _aVivanco Martínez, Ángela
245 0 _aCurso de derecho constitucional. Tomo III :
_b Aspectos orgánicos de la Carta Fundamental de 1980
264 _a[Santiago de Chile, Chile] :
_bEdiciones UC,
_c2014
300 _a779 páginas
650 _aLaw
856 _uhttps://public.digitaliapublishing.com/a/38225
942 _cCF
999 _c94174
_d94174